00491nam a2200193 a 4500001001300000003000900013005001700022008004100039020002300080082001600103100001900119245002800138260004000166300000900206500003500215505001000250650001800260700001900278nice12345678IN_TiNIC20260116014512.0090113s2006 dela grp 000 0 eng  a8187358297 c22000a954.56bSIN aSingh, Upinder aDelhib Ancient History aDelhi bSocial Science Press c2006 a227p aincludes index and biblioraphy2 aindex aDelhi-History1 aSingh, Upinder